000 00568nam a2200193 a 4500
005 20140310183516.0
008 110104s19uu xx 00 eng d
020 _a978583333792
050 _aRJ 506.A9
_b.G397 2010
100 _aGaston, Lyn
245 _aThree times the love :
_bfinding the answers and hope for our triplets with autism /
_cLyn Gaston
260 _aNew York :
_bPenguin Books,
_c2010.
300 _a217 p. :
_c21 cm.
521 _aEDU
650 _aAutistic children-care.
700 _aRandy Gaston
942 _cBK
_2lcc
_kFOR
999 _c24305
_d24305